| 000 | 00776cam a2200289u 4500 | ||
|---|---|---|---|
| 001 | data | ||
| 005 | 20260322212101.0 | ||
| 008 | data | ||
| 035 | _a7612208 | ||
| 906 |
_a0 _bcbc _cpremunv _du _encip _f19 _gy-gencatlg |
||
| 010 | _a 74595209 | ||
| 035 | _9(DLC) 74595209 | ||
| 040 |
_aDLC _cCarP _dDLC |
||
| 050 | 1 | 0 |
_aR130 _b.S56 |
| 100 | 1 | _aSmith Agreda, Victor. | |
| 245 | 1 | 3 | _aLa ciencia médica |
| 260 |
_aValencia : Saber, _c[1973] |
||
| 300 |
_a168 p. ; _c25 cm. |
||
| 336 |
_atext _btxt _2rdacontent |
||
| 337 |
_aunmediated _bn _2rdamedia |
||
| 338 |
_avolume _bnc _2rdacarrier |
||
| 500 | _aWB 100 S65c 1973] | ||
| 650 | 0 | _aMedicine. | |
| 650 | 0 |
_aMedicine _xHistory. |
|
| 650 | 2 | _aMedicine. | |
| 999 |
_c1457 _d1457 |
||